| 000 | 00671nam a2200193 a 4500 | ||
|---|---|---|---|
| 001 | 000007109 | ||
| 005 | 20240425175853.0 | ||
| 008 | 090904s2005 dr r 000 0 spa d | ||
| 040 |
_aDO-SdBNP _bspa _cBNPHU |
||
| 082 |
_a515.15 _bR173c |
||
| 100 | 1 |
_aRamírez C. Lorenzo M. _919729 |
|
| 245 | 1 | 0 |
_aCálculo y geometría analítica I / _cLorenzo M. Ramírez C., Percio A. Geraldo B. |
| 260 |
_aSanto Domingo : _bUniversidad Católica de Santo Domingo, _c2005. |
||
| 300 |
_a81 p. : _a232 cm. |
||
| 590 | _aInventariado, 2019/BT | ||
| 650 | 0 |
_aCálculo _919730 |
|
| 650 | 4 |
_aGeometría analítica _xProblemas, ejercicios, etc. _910379 |
|
| 700 | 0 |
_aGeraldo B., Percio A. _919731 |
|
| 999 |
_c6890 _d6890 |
||